| 000 | 00477nam a2200229Ia 4500 | ||
|---|---|---|---|
| 001 | 087009 | ||
| 003 | YMCAF | ||
| 005 | 20230512161611.0 | ||
| 008 | 100717s2003 ||||||||||||||||| ||und|d | ||
| 024 | _a87009 | ||
| 035 | _a26468 | ||
| 040 |
_aYMCAF _beng _cIN-KoLT |
||
| 041 | _aeng | ||
| 082 |
_a621.402 _b2 CEN |
||
| 100 | _aCengel, Yumus | ||
| 245 | 0 | _aHeat transfer | |
| 250 | _a2nd | ||
| 260 |
_bTMH _c2003 |
||
| 300 | _a932 | ||
| 500 | _aWith CD | ||
| 942 |
_2ddc _cBK |
||
| 999 |
_c9229 _d9229 |
||